000 02370nam a2200409 a 4500
001 ebr10032440
003 CaPaEBR
006 m u
007 cr cn|||||||||
008 020211s2002 dcua sb f100 0 eng
010 _z 2002102001
020 _z0309082706
040 _aCaPaEBR
_cCaPaEBR
035 _a(OCoLC)614662784
050 1 4 _aHV6431
_b.W633 2002eb
082 0 4 _a363.3/2
_221
111 2 _aWorkshop on Terrorism in a High-Tech Society and Modern Methods for Prevention and Response
_d(2001 :
_cMoscow, Russia)
245 1 0 _aHigh-impact terrorism
_h[electronic resource] :
_bproceedings of a Russian-American workshop.
246 3 0 _aTerrorism
260 _aWashington, D.C. :
_bNational Academy Press,
_cc2002.
300 _axi, 279 p. :
_bill.
500 _a"Committee on Confronting Terrorism in Russia, Office for Central Europe and Eurasia, Development, Security, and Cooperation, Policy and Global Affairs, National Research Council in cooperation with the Russian Academy of Sciences."
500 _a"The workshop was held in Moscow on June 4-6, 2001"--P. vii.
500 _a"This study was supported by Grant No. B7075 between the National Academy of Sciences and the Carnegie Corporation of New York"--T.p. verso.
504 _aIncludes bibliographical references.
505 0 _aTerrorism and the law -- Biological terrorism -- Chemical terrorism -- Nuclear terrorism -- Explosives terrorism -- Cyberterrorism -- Agricultural terrorism -- Future trends and international cooperation in the struggle against modern terrorism.
530 _aAlso available via the World Wide Web.
533 _aElectronic reproduction.
_bPalo Alto, Calif. :
_cebrary,
_d2013.
_nAvailable via World Wide Web.
_nAccess may be limited to ebrary affiliated libraries.
650 0 _aTerrorism
_vCongresses.
650 0 _aTerrorism
_xPrevention
_xInternational cooperation
_vCongresses.
650 0 _aBioterrorism
_xPrevention
_xInternational cooperation
_vCongresses.
650 0 _aWeapons of mass destruction
_xPrevention
_xInternational cooperation
_vCongresses.
650 0 _aCyberterrorism
_xPrevention
_xInternational cooperation
_vCongresses.
655 7 _aElectronic books.
_2local
710 2 _aebrary, Inc.
856 4 0 _uhttp://site.ebrary.com/lib/rucke/Doc?id=10032440
_zAn electronic book accessible through the World Wide Web; click to view
999 _c63074
_d63074